| 000 | 00891nam a2200325 a 4500 | ||
|---|---|---|---|
| 999 |
_c8213 _d8213 |
||
| 001 | 8213 | ||
| 003 | UkOxU | ||
| 005 | 20180219130223.0 | ||
| 008 | 040212s2006 enka 001 0 eng d | ||
| 020 | _a074877663x | ||
| 035 | _a(BD-JhCC) 8213 | ||
| 040 |
_aBDS _dBD-JhCC |
||
| 041 | _aeng | ||
| 082 | 0 |
_a536 _222 _bCHI 2006 |
|
| 100 | 1 | _aEllse, Mark. | |
| 245 | 1 | 0 |
_aElectricity and thermal physics / _cMark Ellse, Chris Honeywill. |
| 250 | _aRev. ed. | ||
| 260 |
_aCheltenham : _bNelson Thornes, _c2006. |
||
| 300 |
_avi, 144 p. : _bcol. ill. ; _c28 cm. |
||
| 500 | _aPrevious ed.: 2000. | ||
| 500 | _aIncludes index. | ||
| 650 | 0 | _aHeat. | |
| 650 | 0 |
_aHeat _vProblems, exercises, etc. |
|
| 650 | 0 | _aElectricity. | |
| 650 | 0 |
_aElectricity _vProblems, exercises, etc. |
|
| 700 | 1 | _aHoneywill, Chris. | |
| 830 | 0 | _aNelson advanced science | |
| 942 |
_2ddc _cBK |
||